|
|
|
|
| LEADER |
00000nam a2200000 a 4500 |
| 001 |
vtls001269715 |
| 003 |
SK-MaSNL |
| 005 |
20260301155042.0 |
| 008 |
210928s1967 RU 0 rus |
| 035 |
|
|
|a SNK000220779
|
| 040 |
|
|
|a SNK
|b slo
|c SNK
|e AACR2
|
| 041 |
0 |
|
|a rus
|
| 044 |
|
|
|a RU
|
| 245 |
1 |
|
|a Uzbekistan
|b Sovetskij Sojuz : Geogr. opisanije v 22-ch tomach
|c Avtory: Z. M. Akramov ...
|
| 260 |
|
|
|a Moskva
|b Mysľ
|c 1967
|
| 300 |
|
|
|a 317, [3] s., 9 s. fareb. fot., 1 mp. príl.
|c 8°
|
| 700 |
1 |
|
|a Akramov, Z.M.
|4 aut
|9 518783
|
| 958 |
|
|
|a RK
|
| 958 |
|
|
|a OND
|
| 999 |
|
|
|c 799221
|d 801151
|
| 952 |
|
|
|t P60, <04>, [BOOK], {604}
|a SNK
|b SNK
|y VYP
|7 0
|p 17A0090960
|o snkIC 47995
|0 0
|1 0
|4 0
|d 1997-08-19
|l 0
|r 2005-01-01 00:00:00
|w 2026-02-24
|